| 000 | 00558nam a22001575i 4500 | ||
|---|---|---|---|
| 001 | 158531 | ||
| 003 | ES-MaACL | ||
| 005 | 20230906211202.0 | ||
| 008 | 040831s1890 it |||| | ita d | ||
| 040 |
_aCAM _bspa _cCAM |
||
| 100 | 1 |
_aMaineri, B.E. _9129365 |
|
| 245 | 1 | 3 |
_aLe conchiglie del Torsèro e I turchi al Ceriale / _cB.E. Maineri. |
| 260 |
_aRoma : _b[s.n.], _c1890 ( _fStabilimento tipografico G. Civelli) |
||
| 300 |
_a177 p. ; _c24 cm. |
||
| 852 |
_aES-MaACL _jT-698-F-6 _z-- Enc. hol. _q-- Falto de la cub. original _z-- Enc. en un vol. facticio |
||
| 999 |
_c158531 _d158531 |
||